| 000 | 004530000a22001810004500 | ||
|---|---|---|---|
| 003 | MACL | ||
| 005 | 20160216163512.0 | ||
| 008 | 160216b xxu||||| |||| 00| 0 eng d | ||
| 040 |
_aMACL _cmacl |
||
| 041 | _aEnglish | ||
| 082 | _a294 | ||
| 100 |
_aRamcharitmansa Shri _938562 |
||
| 245 | _aThe Holy Sundarakanda | ||
| 260 |
_bB.R. Publishing Corporation _c1998 _aNew Delhi |
||
| 350 | _a750 | ||
| 650 |
_aReligion _938563 |
||
| 942 |
_cHIN _k294 _2ddc |
||
| 999 |
_c29754 _d29754 |
||